| 000 | 00427pab a2200169 454500 | ||
|---|---|---|---|
| 008 | 180718b1995 xxu||||| |||| 00| 0 eng d | ||
| 100 | _aMashreque, M.S. | ||
| 245 |
_aTraditional adjudication in rural Bangladesh _ba study. |
||
| 260 | _c1995 | ||
| 300 | _ap.98-105 | ||
| 362 | _aJan-Mar | ||
| 650 | _aJudiciary - Bangladesh | ||
| 650 | _aJudiciary | ||
| 700 | _aAmin, Ruhul | ||
| 773 | _aIASSI Quarterly | ||
| 909 | _a30238 | ||
| 999 |
_c30238 _d30238 |
||